000 01100nab a22002177a 4500
999 _c5961
_d5961
003 OSt
005 20260114134527.0
008 190605e xxu||||| |||| 00| 0 spa d
040 _cPJ
100 _94565
_aGonzález Rossi, Alejandro
245 1 3 _aSmart contracts y derecho del trabajo. Posible aplicación /
_cAlejandro González Rossi.
260 _aCiudad Autónoma de Buenos Aires :
_bThomson Reuters La Ley,
_c2024.
300 _ap. 15-24
500 _aCita: TR LALEY AR/DOC/2623/2024.
505 _aSumario: I. Introducción. Evolución científica y derecho del trabajo.— II. Blockchain, smart contracts. Principios básicos.— III. El derecho del trabajo y los smart contracts laborales. Problemática.— IV. Algunas conclusiones.
505 _t¿Te interesa el texto completo? Solicitalo al correo: koha@justierradelfuego.gov.ar
650 0 _91316
_aDERECHO LABORAL
650 0 _91323
_aCONTRATO DE TRABAJO
773 0 _02711
_93168
_dCiudad Autónoma de Buenos Aires : Thomson Reuters La Ley, 1999-2002.
_tRevista de derecho del trabajo. Nº 6 - Noviembre 2024
942 _2udc
_cANA